[Event "RUS-ch sf"]
[Site "Orsk"]
[Date "2000.??.??"]
[Round "10"]
[White "Pliasunov, Aleksej"]
[Black "Obukhov, Alexander"]
[Result "0-1"]
[WhiteElo "2221"]
[BlackElo "2425"]
[PlyCount "94"]
[EventDate "2000.??.??"]
[EventType "swiss"]
[EventRounds "11"]
[EventCountry "RUS"]
[SourceTitle "EXT 2001"]
[Source "ChessBase"]
[SourceDate "2000.11.22"]
[SourceVersion "1"]
[SourceVersionDate "2000.11.22"]
[SourceQuality "1"]

1. d4 f5 2. e4 fxe4 3. Nc3 Nf6 4. g4 h6 5. f3 d5 6. h3 c5 7. fxe4 cxd4 8. Qxd4 Nc6 9. Bb5 Bd7 10. Bxc6 Bxc6 11. e5 Ne4 12. Nxe4 dxe4 13. Qxd8+ Rxd8 14. Be3 b6 15. Ne2 g5 16. Nd4 Bd5 17. Nb5 Bg7 18. Nc7+ Kf7 19. 0-0-0 Bc4 20. Bd4 Kg6 21. b3 Rc8 22. bxc4 Rxc7 23. c5 bxc5 24. Bc3 Rf8 25. Rhf1 Rf4 26. Bd2 Rxf1 27. Rxf1 Bxe5 28. Re1 Bf4 29. Rxe4 e5 30. Bxf4 exf4 31. Re6+ Kf7 32. Rxh6 Rd7 33. Rh7+ Ke6 34. Rxd7 Kxd7 35. Kd2 Ke6 36. Ke2 Kd5 37. Kf3 Ke5 38. c4 a5 39. a4 Kd4 40. h4 gxh4 41. Kxf4 Kxc4 42. g5 h3 43. g6 h2 44. g7 h1Q 45. g8Q+ Qd5 46. Qb8 Qd2+ 47. Ke4 Qc2+ 0-1

[Event "RUS-chJ U18"]
[Site "Russia"]
[Date "2000.??.??"]
[Round "?"]
[White "Pliasunov, Aleksej"]
[Black "Shkapenko, Pavel"]
[Result "1-0"]
[WhiteElo "2221"]
[BlackElo "2144"]
[PlyCount "43"]
[EventDate "2000.??.??"]
[EventType "swiss"]
[EventRounds "11"]
[EventCountry "RUS"]
[SourceTitle "EXT 2001"]
[Source "ChessBase"]
[SourceDate "2000.11.22"]
[SourceVersion "1"]
[SourceVersionDate "2000.11.22"]
[SourceQuality "1"]

1. d4 Nf6 2. c4 e6 3. Nf3 d5 4. Nc3 Nbd7 5. Bg5 Bb4 6. e3 c5 7. cxd5 exd5 8. Bd3 c4 9. Bc2 Qa5 10. 0-0 Bxc3 11. bxc3 Ne4 12. Bh4 Qxc3 13. Rc1 Qa3 14. Bxe4 dxe4 15. Nd2 0-0 16. Nxe4 Qxa2 17. Nd6 Qa6 18. Be7 b5 19. Qf3 Bb7 20. Nxb7 Rfb8 21. Nd6 Nf6 22. Bxf6 1-0